01822cam a22004094i 4500003000900000005001700009008004100026020001500067020001800082035002000100040003300120041001300153082002000166100002600186245008100212250002300293264006000316300003800376336002100414337002500435338002300460505067100483526001001154526001001164526001001174526001001184526000801194526000801202526000801210526000801218526000801226526000801234526000801242534005601250630006301306630004301369PE-LiUPU20250731173117.0190920s2009 flu r 000 0 spa d a9875675504 a9789875675506 a(Sirsi) a252548 aPE-LiUPUbspacPE-LiUPUerda1 aspaheng04a222.14bG192201 aGane, Roy E.,eautor.10aBajo la sombra de la Shekina /cRoy Gane ; traducción, Félix Cortés A. aPrimera edición. 1aFlorida :bAsociación Casa Editora Sudamerica,c2009. a158 páginas ;c20 centímetros atext2rdacontent aunmediated2rdamedia avolume2rdacarrier0 aUna nación bajo la dirección de Dios (Números 1-4) -- Un pueblo santo (Números 5,6) -- El servicio de Dios (Números 7,8) -- La preparación para la mudanza (Números 9,10) -- Retos del camino (Números 11-12) -- Arrebatar la derrota de las garras de la victoria (Números 13-15) -- Crisis por el liderazgo (Números 16,17) -- Cómo arreglárselas ante el peligro y la muerte (Números 18,19) -- Éxitos y fracasos (Números 20-21) -- Armas de destrucción masiva (Números 22-24) -- Armas de distracción masiva (Níumeros 25) -- Una nueva generación (Números 26-30) -- Una mirada hacia el pasado y otra hacia el futuro (Números 31-36). aSEG42 aSEG41 aSEG40 aSEG39 aP94 aP87 aP86 aP85 aP77 aP76 aP35 pTítulo original :tIn the shadow of the shekinah.04aBiblia.pA.T.pNúmerosxCrítica, interpretación, etc04aBiblia.pA-T-pNúmerosvComentarios.